| 000 | 01381cam a2200313 a 4500 | ||
|---|---|---|---|
| 999 |
_c26587 _d26587 |
||
| 001 | 4331017 | ||
| 005 | 20170204161712.0 | ||
| 008 | 890711s1988 vtua b s001 0 eng | ||
| 010 | _a 88051493 | ||
| 020 |
_a0961991208 (alk. paper) : _c$30.00 (est.) |
||
| 050 | 0 | 0 | _aNA730 .V42R884 1988 |
| 245 | 0 | 4 |
_aThe Historic architecture of Rutland County : _bincluding a listing of the Vermont State Register of Historic Places / _cVermont Division for Historic Preservation ; Curtis B. Johnson, editor ; Elsa Gilbertson, assistant editor. |
| 260 |
_aMontpelier, Vt. : _bState of Vermont, Division for Historic Preservation, Agency of Development and Community Affairs, _cc1988. |
||
| 300 |
_axiv, 498 p. : _bill. ; _c28 cm. |
||
| 500 | _aIncludes index. | ||
| 504 | _aBibliography: p. 489-493. | ||
| 650 | 0 |
_aArchitecture _zVermont _zRutland County _xThemes, motives. |
|
| 650 | 0 |
_aHistoric buildings _zVermont _zRutland County _xThemes, motives. |
|
| 651 | 0 |
_aRutland County (Vt.) _xHistory. |
|
| 700 | 1 |
_aJohnson, Curtis B., _d1954- |
|
| 700 | 1 | _aGilbertson, Elsa. | |
| 710 | 1 |
_aVermont. _bDivision for Historic Preservation. |
|
| 942 |
_2lcc _cBOOKS |
||